000 00990cam a2200265 a 4500
001 2525117
005 20200421093819.0
008 931001s1994 maua bf 001 0 eng
010 _a 93039691
020 _a0201529831
040 _aDLC
_cDLC
_dDLC
050 0 0 _aZ253.4.L38
_bL35 1994
082 0 0 _a686.2/2544536
_220
100 1 _aLamport, Leslie.
_9756
245 1 0 _aLATEX :
_ba document preparation system : user's guide and reference manual /
_cLeslie Lamport ; illustrations by Duane Bibby.
250 _a2nd ed.
260 _aReading, Mass. :
_bAddison-Wesley Pub. Co.,
_cc1994.
300 _axvi, 272 p. :
_bill. ;
_c24 cm.
504 _aIncludes bibliographical references (p. 235) and index.
630 0 0 _aLaTeX (Computer file)
_999
650 0 _aComputerized typesetting.
_9100
906 _a7
_bcbc
_corignew
_d1
_eocip
_f19
_gy-gencatlg
942 _2ddc
_cBK
999 _c116
_d116